000 00492nam a2200169Ia 4500
003 OSt
005 20200125121342.0
008 190216s9999||||xx |||||||||||||| ||und||
020 _a9789380902715
040 _coclc
082 _a332.106880954
_bSHA/B
100 _a Shankar, Hari
_91054
245 0 _aBank Marketing /
_cHari Shankar
260 _bAadi Publications,
_c2012.
_aJaipur:
300 _a310p
942 _cBK
_2ddc
_h332.106880954
_iSHA/B
_k332.106880954
_mSHA/B
999 _c11426
_d11426